Komplex nových opatrení zameraných na zmiernenie rizík a posilnenie bankového sektora

Snaha o výraznejší posun v oblasti tretieho piliera bankovej únie (prijatie európskeho systému ochrany vkladov) a uplatnenie zásadných výhrad od väčšiny členských štátov, najmä k jeho implementácii za súčasných podmienok nastavených v tejto oblasti, prispeli k vydaniu rozhodnutia Rady pre hospodársk...

Descrizione completa

Salvato in:
Dettagli Bibliografici
Autore principale: Petrík, Matúš
Natura: Capitolo di libro
Lingua:slovacco
Soggetti:
Tags: Aggiungi Tag
Nessun Tag, puoi essere il primo ad aggiungerne!!

MARC

LEADER 00000naa a2200000 4500
001 0227118
005 20220805073422.1
041 0 |a slo 
044 |a SK 
245 1 0 |a Komplex nových opatrení zameraných na zmiernenie rizík a posilnenie bankového sektora  |c Matúš Petrík 
520 |a Snaha o výraznejší posun v oblasti tretieho piliera bankovej únie (prijatie európskeho systému ochrany vkladov) a uplatnenie zásadných výhrad od väčšiny členských štátov, najmä k jeho implementácii za súčasných podmienok nastavených v tejto oblasti, prispeli k vydaniu rozhodnutia Rady pre hospodárske a finančné záležitosti (Ecofin). Toto rozhodnutie spočíva v zavedení ďalších opatrení do bankovej legislatívy s cieľom zmierniť rizikovosť bánk. 
610 2 0 |a riziko bankové 
610 2 0 |a regulácia finančná 
610 2 0 |a regulácia trhu 
610 2 0 |a Európska únia 
610 2 0 |a únie bankové 
610 2 0 |a legislatíva 
100 1 |a Petrík, Matúš